| 000 | 00946nam a22002057a 4500 | ||
|---|---|---|---|
| 999 |
_c2385 _d2385 |
||
| 003 | AR-CdUCM | ||
| 008 | 190304b ||||| |||| 00| 0 spa d | ||
| 040 |
_aMUNICIPALIDAD PROVINCIAL DEL CUSCO _cBIBLIOTECA MUNICIPAL DEL CUSCO |
||
| 082 |
_a345.73 / _bP49 |
||
| 100 |
_aPezúa Vivanco, David _98567 |
||
| 245 |
_aReforma judicial : _bperspectivas para el tercer milenio : mensajes / |
||
| 260 |
_aLima : _bSecretaría Ejecutiva del Poder Judicial : _b[Talleres Decisión Gráfica S.A.C.], _c1999. |
||
| 300 |
_a213 páginas ; _c24 cm. |
||
| 505 | _aContenido : A los magistrados -- Plenos jurisdiccionales -- Módulos básicos de justicia -- Centros juveniles -- Módulos corporativos -- Conferencias magistrales y universitarias -- Talleres itinerantes ... | ||
| 650 |
_aReforma judicial _98568 |
||
| 650 |
_aPoder judicial - Reforma _98569 |
||
| 650 |
_aPoder Judicial - Perú _98570 |
||
| 942 |
_2ddc _cLIBROS |
||
| 945 |
_alccs _d2019-03-04 |
||